000 00710nam a2200241Ia 4500
003 OSt
005 20220925181843.0
006 a|||||r|||| 00| 0
007 ta
008 220923b |||||||| |||| 00| 0 eng d
020 _a0226442217
037 _cGeneral Book
040 _aRTL
_cRTL
_beng
041 _2eng
_aeng
082 _aY:34.5921.N7, M1
100 _aKligman Gail
_9237830
245 0 _aCalus
_b Symbolic transformation in Romanian Ritual
260 _aChicago
_bUniversity of Chicago
_c1981
300 _axvi,209p
_ccm.
500 _aBibliography P 193-206; Glossary P 191-192
942 _hY:34.5921.N7, M1
_cGB
_2CC
999 _c500487
_d500487